Sistema de información para la programación operativa /
Salvato in:
| Ente Autore: | |
|---|---|
| Natura: | testo |
| Lingua: | Spanish |
| Pubblicazione: |
Tegucigalpa:
Banco Centroamericano de Integración Económica ;
1978
|
| Soggetti: | |
| Tags: |
Aggiungi Tag
Nessun Tag, puoi essere il primo ad aggiungerne!!
|
MARC
| LEADER | 00000 a a2200000 04500 | ||
|---|---|---|---|
| 001 | 21602 | ||
| 003 | cru IIS | ||
| 005 | 20220307093958.0 | ||
| 008 | 220120s1978 mx ||||| |||| 00| 0 spa d | ||
| 020 | |a [sin ISBN] | ||
| 040 | |a Centro de Recursos para el Aprendizaje y la Investigación |b español |c cru IIS | ||
| 090 | |a 19.01.02 B213s | ||
| 110 | |a BCIE. Gerencia de Programación y Promoción. Area de Estudios Económicos y Programación General | ||
| 245 | |a Sistema de información para la programación operativa / |c Banco Centroamericano de Integración Económica | ||
| 260 | |a Tegucigalpa: |b Banco Centroamericano de Integración Económica ; |c 1978 | ||
| 300 | |a s.p. | ||
| 500 | |a Colección Centroamérica | ||
| 650 | 0 | 0 | |0 TESAUROS |9 531 |a ADMINISTRACION DE LA INFORMACION |
| 852 | 1 | 1 | |a 19.01.02 B213s |
| 942 | |2 ddc |c LI |h 19.01.02 B213s |k 19.01.02 |m B213s |6 190102_B213S | ||
| 999 | |c 6627 |d 6627 | ||
